[Event "120th Taflfelag Reykjavik-A 2020"]
[Site "Reykjavik"]
[Date "2020.09.19"]
[Round "3.3"]
[White "Kjartansson, Gudmundur"]
[Black "Thorhallsson, Simon"]
[Result "1-0"]
[WhiteElo "2466"]
[BlackElo "2215"]
[Annotator "TA"]
[PlyCount "53"]
[EventDate "2020.09.13"]
[EventType "tourn"]
[EventCountry "ISL"]
[SourceTitle "playchess.com"]
[Source "ChessBase"]
[SourceQuality "1"]

{[%evp 14,53,20,-1,45,44,38,46,33,46,55,46,65,54,63,28,79,32,93,82,89,93,104,97,118,103,148,149,147,136,161,161,170,136,486,455,438,431,640,618,649,628]} 1. d4 Nf6 2. Nf3 e6 3. g3 d5 4. Bg2 Be7 5. O-O O-O 6. c4 c6 7. Nc3 Nbd7 8. Nd2 b6 {E07: Closed Catalan: Main Line (5 Nf3 0-0 6 0-0 Nbd7).} (8... b5 $5) 9. e4 dxc4 10. Nxc4 Ba6 {White is slightly better.} 11. b3 $1 b5 12. Ne3 $1 Rc8 13. Bb2 {[#]} Re8 $146 ({Predecessor:} 13... b4 14. Ne2 Nb6 15. Re1 c5 16. d5 exd5 17. exd5 c4 18. bxc4 Nxc4 19. Nxc4 Bxc4 {½-½ (95) Leon Valdes,J (2398)-Quesada Perez,Y (2582) Merida 2019}) 14. Re1 Bf8 (14... c5 $11 {remains equal.}) 15. a3 {[%cal Ba2a3,Ba3a4,Ba4b5][%mdl 32]} (15. e5 $5 {[%cal Re5f6]} Nd5 16. Ne4 $14 (16. Bxd5 cxd5 17. Ne2 Bb4 $11)) 15... Bb7 (15... e5 $14) 16. e5 $16 Nd5 17. Nexd5 cxd5 18. Nxb5 Qa5 19. Bf1 Ba6 20. a4 ({Inferior is} 20. Nxa7 Rc7 $15) 20... Bb4 21. Re3 Bxb5 22. axb5 Qc7 23. Ba3 Bc3 $2 {[%mdl 8192]} (23... Bxa3 $16 24. Rxa3 Nb6) 24. Rc1 $18 {White is clearly winning.} Qa5 {[#]} 25. Bc5 $1 {[%mdl 512]} Bb2 (25... Rxc5 $142 26. dxc5 Bb4) (25... Nxc5 26. Rexc3) 26. b4 Qc7 27. Rc2 {Black got outplayed after the opening. Accuracy: White = 87%, Black = 47%.} 1-0

[Event "120th Taflfelag Reykjavik-A 2020"]
[Site "Reykjavik"]
[Date "2020.09.19"]
[Round "3.5"]
[White "Sigfusson, Sigurdur"]
[Black "Kjartansson, David"]
[Result "1/2-1/2"]
[WhiteElo "2276"]
[BlackElo "2338"]
[Annotator "TA"]
[PlyCount "83"]
[EventDate "2020.09.13"]
[EventType "tourn"]
[EventCountry "ISL"]
[SourceTitle "playchess.com"]
[Source "ChessBase"]
[SourceQuality "1"]

{[%evp 19,83,16,18,13,17,0,0,-37,-29,-39,-22,-29,15,-45,0,-22,12,-40,-31,-31,-22,-91,-98,-117,-95,-120,-83,-114,-69,-62,-57,-53,-57,-66,-16,-20,-27,-8,0,0,0,0,0,0,7,0,0,0,0,0,0,0,0,0,0,-52,-17,-66,-8,-8,0,0,45,32,29,37]} 1. e4 c5 2. Nf3 e6 3. d4 cxd4 4. Nxd4 Nc6 5. Nc3 Qc7 6. g3 a6 7. Bg2 Nf6 8. O-O Nxd4 9. Qxd4 Bc5 10. Qd3 Ng4 11. Qe2 {B47: Sicilian: Taimanov: 5 Nc3 Qc7 6 f4, 6 g3 and 6 Be2.} h5 12. Bf4 Ne5 {[#]} 13. h3 $146 {The position is equal.} ({Predecessor:} 13. Kh1 h4 14. gxh4 Be7 15. Bxe5 Qxe5 16. f4 Qh5 17. Qxh5 Rxh5 18. Rad1 b5 19. e5 {½-½ (39) Lauridsen,J (2323)-Wadsworth,M (2312) England 2016}) 13... d6 14. Na4 Ba7 15. Be3 Bd7 {[#] aiming for ...Bxe3.} 16. Nc3 ({White should try} 16. Bxa7 $11 Bxa4 17. Bd4) 16... b5 17. Bxa7 Rxa7 18. a4 (18. f4 $11 Nc4 19. Nd1) 18... bxa4 19. Rfd1 h4 20. g4 (20. gxh4 $11 Rxh4 21. Nxa4) 20... O-O $17 21. Nxa4 {[#]} Rc8 $1 22. c3 Bb5 23. Qc2 Ng6 24. Qd2 Qc6 25. b3 Bxa4 26. bxa4 Rd7 27. e5 d5 {Hoping for ...Rdc7.} 28. c4 $1 {[%cal Rc4d5]} Nxe5 29. cxd5 exd5 30. Rac1 Nc4 31. Qg5 {[%cal Rd1d5]} Qxa4 32. Rxd5 Nb6 {White must now prevent ...Rxc1+.} 33. Rxc8+ Nxc8 34. Qe5 {Threatening mate with Qe8+!} Rxd5 35. Bxd5 Qd7 36. Be4 g6 37. Qf6 (37. Qa5 $11) 37... Qd6 38. Qxh4 Ne7 (38... a5 $15) 39. Qg5 Qe6 40. Bd3 Qd6 41. Bxa6 Nd5 42. Qd2 {Accuracy: White = 71%, Black = 73%.} 1/2-1/2

[Event "120th Taflfelag Reykjavik-A 2020"]
[Site "Reykjavik"]
[Date "2020.09.20"]
[Round "4.1"]
[White "Gretarsson, Hjorvar Steinn"]
[Black "Kjartansson, David"]
[Result "1-0"]
[WhiteElo "2579"]
[BlackElo "2338"]
[Annotator "TA"]
[PlyCount "47"]
[EventDate "2020.09.13"]
[EventType "tourn"]
[EventCountry "ISL"]
[SourceTitle "playchess.com"]
[Source "ChessBase"]
[SourceQuality "1"]

{[%evp 17,47,6,19,0,10,5,16,-3,18,28,121,123,194,192,437,395,349,258,828,825,29987,29988,29988,29989,29989,29990,29990,29991,29995,29996,29996,29997]} 1. e4 c5 2. Nf3 e6 3. d4 cxd4 4. Nxd4 Nc6 5. Nc3 Qc7 6. f4 a6 7. Nxc6 bxc6 8. Bd3 d5 9. O-O Nf6 10. Qf3 {B46: Sicilian: Taimanov: 5 Nc3 a6.} Be7 11. Bd2 $5 {[%mdl 4] Leaves trodden paths.} O-O 12. Rae1 {The position is equal.} Re8 13. Kh1 {[#]} Rb8 $146 (13... Bf8 $11) ({Predecessor:} 13... Bf8 14. Qg3 g6 15. b3 Bg7 16. e5 Nd7 17. h4 a5 18. h5 Ba6 19. Na4 Bxd3 20. cxd3 {½-½ (31) Stankovic,M (2466)-Svanda,O (2257) Prague 2020}) 14. e5 $16 Nd7 {[#]} (14... Ne4 $16 {might work better.} 15. Nxe4 dxe4 16. Qxe4 g6) 15. f5 $1 $18 {[%cal Rf5e6] aiming for fxe6.} Nc5 $2 (15... Nxe5 16. Rxe5 Qxe5) 16. f6 {Threatening mate with Bxh7+!} Nxd3 17. Qxd3 $40 {[%mdl 128] White attacks with force.} ({Not} 17. fxe7 Nxe5 18. Rxe5 f6 $18) 17... gxf6 $2 (17... Bf8 18. fxg7 Bxg7) 18. exf6 Bd6 19. Ne4 {White mates.} dxe4 20. Rxe4 Rb5 21. Rg4+ Kh8 22. Rh4 {[%csl Gh4][%cal Rd3h7]} Rf5 23. Rxf5 exf5 24. Qh3 {Black did not feel at home in the position after the opening. Accuracy: White = 93%, Black = 37%.} 1-0

[Event "120th Taflfelag Reykjavik-A 2020"]
[Site "Reykjavik"]
[Date "2020.09.20"]
[Round "4.3"]
[White "Thorhallsson, Simon"]
[Black "Gretarsson, Helgi Ass"]
[Result "0-1"]
[WhiteElo "2215"]
[BlackElo "2401"]
[Annotator "TA"]
[PlyCount "92"]
[EventDate "2020.09.13"]
[EventType "tourn"]
[EventCountry "ISL"]
[SourceTitle "playchess.com"]
[Source "ChessBase"]
[SourceQuality "1"]

{[%evp 15,91,0,0,-26,8,0,13,-16,-10,-14,-19,-19,-22,-21,-19,-23,-25,-28,-29,-33,0,-11,-14,-12,-2,-6,-5,-14,-6,-7,0,0,0,0,0,0,0,-39,-52,-81,-89,-178,-174,-178,-174,-163,-128,-179,-171,-164,0,-123,0,-156,-139,-240,-243,-243,-220,-595,-579,-1251,-1145,-1011,-887,-29990,-1118,-29989,-29990,-29997,-29990,-29994,-29995,-29995,-29996,-29998,-29999,-29999]} 1. e4 d6 2. d4 Nf6 3. Nc3 e5 4. dxe5 dxe5 5. Qxd8+ Kxd8 6. Bg5 Be6 7. O-O-O+ Nbd7 8. Nf3 Kc8 9. Be2 {B07: Pirc Defence: Miscellaneous Systems.} Bc5 {[#]} (9... Bb4 $5 {[%cal Rb4c3]}) 10. Rhf1 $146 ({Predecessor:} 10. Bh4 Ng4 11. Rhf1 f6 12. h3 Nh6 13. a3 Nf7 14. Nd2 Nb6 15. f3 Be3 16. Bf2 Bh6 {½-½ (47) Lima Abadal,N-Larrea,D (1748) Montevideo 2017}) 10... Re8 11. Nd2 {The position is equal.} h6 12. Bh4 c6 13. Nc4 b5 14. Bxf6 gxf6 15. Nd6+ Bxd6 $1 16. Rxd6 Kc7 $1 {[%cal Rc7d6]} 17. Rfd1 Rg8 18. g3 Nc5 19. b4 Nb7 20. R6d2 $132 {[%mdl 2048] White is not holding back} a5 21. a3 axb4 22. axb4 f5 23. exf5 Bxf5 24. Kb2 Rg6 25. Bd3 Bxd3 26. Rxd3 (26. cxd3 {keeps more tension.} Rg4 27. Ne4 Ra4 28. Kb3 Nd6 29. Re1) 26... Nd6 27. Rf3 f5 28. Rfd3 (28. Rxd6 $17 Kxd6 29. Rxf5) 28... e4 $19 29. Rd4 Nc4+ 30. Kb1 Rg7 31. Ne2 (31. h4 $17 {was necessary.}) 31... Na3+ 32. Kb2 Nc4+ 33. Kb1 Na3+ 34. Kb2 $1 {[#]} Nxc2 $1 {[%mdl 512]} 35. Rd6 (35. Kxc2 $17 Ra2+ 36. Kc3 Rxe2 37. R1d2 Rxd2 38. Rxd2) 35... Nxb4 36. Nf4 {aiming for Ne6+.} Kb6 37. Rxh6 $2 (37. R1d4 {is a better chance.} Ra4 38. Kb3) 37... Rga7 38. Rdd6 Ra2+ 39. Kc3 R8a4 {Strongly threatening ...Kc5.} 40. Rdf6 Rc2+ (40... Rxf2 $142 41. Nd3 exd3 42. Rxf5 Rxf5 43. Rd6 Kc5 44. Rxd3 Rf2 45. Rd2 Ra3+ 46. Kb2 Rxd2+ 47. Kc1 Rxh2 48. Kb1 Rxg3 49. Kc1 Rg1#) 41. Kb3 Rxf2 {Black mates.} 42. Kc3 Rf3+ 43. Kd2 Ra2+ 44. Ke1 Nc2+ 45. Ke2 Ne3+ 46. Ke1 Rf1# {Accuracy: White = 46%, Black = 83%.} 0-1

[Event "120th Taflfelag Reykjavik-A 2020"]
[Site "Reykjavik"]
[Date "2020.09.24"]
[Round "5.1"]
[White "Thorfinnsson, Bragi"]
[Black "Gretarsson, Hjorvar Steinn"]
[Result "0-1"]
[WhiteElo "2427"]
[BlackElo "2579"]
[Annotator "TA"]
[PlyCount "76"]
[EventDate "2020.09.13"]
[EventType "tourn"]
[EventCountry "ISL"]
[SourceTitle "playchess.com"]
[Source "ChessBase"]
[SourceQuality "1"]

{[%evp 16,76,4,17,27,18,29,0,10,7,12,14,20,-3,0,0,11,-30,-29,-150,-144,-157,-147,-146,-147,-148,-153,-223,-230,-231,-213,-362,-354,-362,-362,-414,-342,-371,-369,-362,-364,-363,-361,-469,-357,-633,-630,-602,-495,-424,-421,-591,-584,-755,-755,-715,-748,-734,-727,-696,-661,-1399,-1343]} 1. d4 Nf6 2. c4 e6 3. Nf3 b6 4. g3 Ba6 5. Qa4 c5 6. Bg2 Bb7 7. dxc5 Bxc5 8. O-O O-O 9. Nc3 Qe7 {E15: Queen's Indian: 4 g3 sidelines, 4 g3 Ba6 and 4 g3 Bb7 early deviations.} 10. a3 a5 11. Qc2 h6 {[#] The position is equal.} 12. Bf4 $146 ({Predecessor:} 12. Rd1 Rd8 13. b3 d5 14. cxd5 exd5 15. Nh4 Qe6 16. e3 Na6 17. Ne2 {½-½ (25) Sage,F (2339)-Reuter,P (2272) ICCF email 2011}) 12... Nc6 {[%cal Bb8c6,Bc6e5,Be5c4][%mdl 32]} 13. Rad1 d6 14. Nb5 {[%cal Rf4d6]} Rfd8 15. e4 Rac8 16. h3 Nh5 17. Qd2 (17. Qc1 $11) 17... Ne5 $1 $17 {[%cal Re5c4]} 18. Nfd4 Nxc4 19. Qe2 Nxf4 20. gxf4 d5 21. e5 (21. exd5 $17 {might work better.} exd5 22. Qxe7 Bxe7 23. Rfe1) 21... Ba6 $19 22. a4 Qh4 23. Na7 (23. f5 $142 Re8 24. fxe6 fxe6 25. f4) 23... Ra8 (23... Qxf4 24. Nxc8 Rxc8 25. Nf3 $19) 24. Ndc6 Qxf4 25. Rfe1 Ne3 26. Qxa6 Nxd1 27. Rxd1 Qxf2+ 28. Kh1 Rd7 ({Weaker is} 28... Qxb2 29. Nxd8 Rxd8 30. Nc6 $17) 29. b3 Qg3 30. Rf1 $2 {[#]} (30. Qd3 Qxd3 31. Rxd3 Rdxa7 32. Nxa7 Rxa7 33. Rd2) 30... Qxb3 {Black is clearly winning.} 31. Qb5 Qc3 32. Rf3 Qe1+ 33. Rf1 (33. Qf1 {is the only way for White.} Qxf1+ 34. Bxf1 Rdxa7 35. Nxa7 Rxa7 36. Rd3) 33... Qh4 34. Rc1 Rdxa7 35. Nxa7 Rxa7 36. Qe8+ Kh7 37. Rf1 Re7 38. Qd8 Qxa4 {White got outplayed after the opening. Accuracy: White = 46%, Black = 90%.} 0-1

[Event "120th Taflfelag Reykjavik-A 2020"]
[Site "Reykjavik"]
[Date "2020.09.24"]
[Round "5.2"]
[White "Kjartansson, Gudmundur"]
[Black "Einarsson, Halldor Gretar"]
[Result "1-0"]
[WhiteElo "2466"]
[BlackElo "2258"]
[Annotator "ChessBase"]
[PlyCount "57"]
[EventDate "2020.09.13"]
[EventType "tourn"]
[EventCountry "ISL"]
[SourceTitle "playchess.com"]
[Source "ChessBase"]
[SourceQuality "1"]
[TimeControl "40/5400+15:1800+30"]

1. c4 {[%emt 0:00:00]} Nf6 {[%emt 0:00:00]} 2. Nc3 {[%emt 0:00:00]} d5 {[%emt 0:01:42]} 3. cxd5 {[%emt 0:00:00]} Nxd5 {[%emt 0:00:00]} 4. g3 {[%emt 0:00:00]} g6 {[%emt 0:08:49]} 5. Bg2 {[%emt 0:00:00]} Nb6 {[%emt 0:01:52]} 6. d3 {[%emt 0:00:00]} Bg7 {[%emt 0:01:14]} 7. Be3 {[%emt 0:00:06]} N8d7 {[%emt 0:04:05]} 8. Qd2 {[%emt 0:02:49]} h5 {[%emt 0:05:14]} 9. Nf3 {[%emt 0:05:48]} Ne5 {[%emt 0:00:13]} 10. Nxe5 {[%emt 0:08:00]} Bxe5 {[%emt 0:00:00]} 11. Bf4 {[%emt 0:05:13]} Bxf4 {[%emt 0:08:39]} 12. Qxf4 {[%emt 0:00:41]} Qd6 {[%emt 0:00:00]} 13. Qg5 {[%emt 0:04:42]} c6 {[%emt 0:01:03]} 14. O-O {[%emt 0:01:55]} Bf5 {[%emt 0:06:35]} 15. a4 {[%emt 0:06:58]} h4 {[%emt 0:18:16]} 16. gxh4 {[%emt 0:08:44]} a5 {[%emt 0:04:47]} 17. e4 {[%emt 0:19:49]} Be6 {[%emt 0:00:30]} 18. Rfd1 {[%emt 0:04:15]} Rh5 {[%emt 0:05:53]} 19. Qg3 {[%emt 0:01:01]} O-O-O {[%emt 0:01:21]} 20. d4 {[%emt 0:03:06]} Bb3 {[%emt 0:04:47]} 21. e5 {[%emt 0:02:52]} Qb4 {[%emt 0:02:45]} 22. Rdc1 {[%emt 0:04:25]} Rxd4 {[%emt 0:05:18]} 23. Nb5 {[%emt 0:04:27]} Rf4 {[%emt 0:04:25]} 24. Qe3 {[%emt 0:04:35]} Rg4 {[%emt 0:03:11]} 25. f3 {[%emt 0:03:01]} Rxg2+ {[%emt 0:00:50]} 26. Kxg2 {[%emt 0:00:00]} Nd5 {[%emt 0:00:40]} 27. Qa7 {[%emt 0:00:20]} Qd2+ {[%emt 0:00:43]} 28. Kh1 {[%emt 0:00:00]} Nc7 {[%emt 0:01:08]} 29. Rxc6 {[%emt 0:00:01]} 1-0

[Event "120th Taflfelag Reykjavik-A 2020"]
[Site "Reykjavik"]
[Date "2020.09.24"]
[Round "5.3"]
[White "Gretarsson, Helgi Ass"]
[Black "Bjornsson, Sigurbjorn"]
[Result "1-0"]
[WhiteElo "2401"]
[BlackElo "2357"]
[Annotator "ChessBase"]
[PlyCount "41"]
[EventDate "2020.09.13"]
[EventType "tourn"]
[EventCountry "ISL"]
[SourceTitle "playchess.com"]
[Source "ChessBase"]
[SourceQuality "1"]
[TimeControl "40/5400+15:1800+30"]

1. Nf3 {[%emt 0:00:00]} Nf6 {[%emt 0:04:03]} 2. g3 {[%emt 0:00:00]} d5 {[%emt 0:00:06]} 3. Bg2 {[%emt 0:00:00]} Bg4 {[%emt 0:00:00]} 4. c4 {[%emt 0:00:54]} c6 {[%emt 0:00:00]} 5. Qb3 {[%emt 0:16:45]} Qb6 {[%emt 0:01:46]} 6. Nc3 {[%emt 0:09:49]} e6 {[%emt 0:02:33]} 7. d3 {[%emt 0:15:30]} Nbd7 {[%emt 0:03:12]} 8. cxd5 {[%emt 0:04:31]} Qxb3 {[%emt 0:02:59]} 9. axb3 {[%emt 0:00:00]} exd5 {[%emt 0:00:00]} 10. Nd4 {[%emt 0:02:15]} Bc5 {[%emt 0:03:36]} 11. Be3 {[%emt 0:00:00]} O-O {[%emt 0:04:20]} 12. h3 {[%emt 0:00:00]} Be6 {[%emt 0:00:25]} 13. g4 {[%emt 0:09:20]} h6 {[%emt 0:07:37]} 14. f4 {[%emt 0:01:04]} Rfe8 {[%emt 0:01:58]} 15. Bg1 {[%emt 0:01:46]} Nf8 {[%emt 0:01:37]} 16. f5 {[%emt 0:06:22]} Bd7 {[%emt 0:00:44]} 17. Nc2 {[%emt 0:00:42]} Bxg1 {[%emt 0:04:27]} 18. Rxg1 {[%emt 0:00:00]} g6 {[%emt 0:01:01]} 19. Kd2 {[%emt 0:00:37]} gxf5 {[%emt 0:11:41]} 20. gxf5 {[%emt 0:00:00]} Bxf5 {[%emt 0:00:37]} 21. Raf1 {[%emt 0:00:02]} 1-0

[Event "120th Taflfelag Reykjavik-A 2020"]
[Site "Reykjavik"]
[Date "2020.09.24"]
[Round "5.4"]
[White "Sigfusson, Sigurdur"]
[Black "Thorhallsson, Simon"]
[Result "1/2-1/2"]
[WhiteElo "2276"]
[BlackElo "2215"]
[Annotator "ChessBase"]
[PlyCount "133"]
[EventDate "2020.09.13"]
[EventType "tourn"]
[EventCountry "ISL"]
[SourceTitle "playchess.com"]
[Source "ChessBase"]
[SourceQuality "1"]
[TimeControl "40/5400+15:1800+30"]

1. e4 {[%emt 0:00:00]} e6 {[%emt 0:00:00]} 2. d4 {[%emt 0:00:00]} d5 {[%emt 0:00:00]} 3. Nc3 {[%emt 0:00:00]} Nf6 {[%emt 0:00:00]} 4. e5 {[%emt 0:01:51]} Nfd7 {[%emt 0:00:00]} 5. f4 {[%emt 0:00:00]} c5 {[%emt 0:00:00]} 6. Nf3 {[%emt 0:00:00]} Nc6 {[%emt 0:00:00]} 7. Be3 {[%emt 0:01:50]} Be7 {[%emt 0:00:00]} 8. Qd2 {[%emt 0:02:52]} O-O {[%emt 0:00:00]} 9. Be2 {[%emt 0:02:14]} f6 {[%emt 0:02:13]} 10. exf6 {[%emt 0:04:49]} Nxf6 {[%emt 0:14:07]} 11. dxc5 {[%emt 0:06:45]} Qa5 {[%emt 0:10:40]} 12. Nb5 {[%emt 0:15:06]} Qxd2+ {[%emt 0:04:06]} 13. Nxd2 {[%emt 0:00:00]} a6 {[%emt 0:00:44]} 14. Nd4 {[%emt 0:08:30]} Bxc5 {[%emt 0:03:23]} 15. N2b3 {[%emt 0:00:00]} Bd6 {[%emt 0:05:46]} 16. O-O {[%emt 0:02:45]} e5 {[%emt 0:04:38]} 17. fxe5 {[%emt 0:05:17]} Nxe5 {[%emt 0:03:25]} 18. Bf4 {[%emt 0:03:51]} Bd7 {[%emt 0:02:44]} 19. c3 {[%emt 0:04:48]} Rae8 {[%emt 0:01:08]} 20. Rad1 {[%emt 0:03:10]} h6 {[%emt 0:07:58]} 21. h3 {[%emt 0:01:49]} Nf7 {[%emt 0:03:26]} 22. Bxd6 {[%emt 0:06:12]} Nxd6 {[%emt 0:00:00]} 23. Nc5 {[%emt 0:00:10]} Bc8 {[%emt 0:00:41]} 24. Bd3 {[%emt 0:03:52]} Re7 {[%emt 0:05:01]} 25. Bg6 {[%emt 0:02:56]} Nfe4 {[%emt 0:05:54]} 26. Rxf8+ {[%emt 0:12:14]} Kxf8 {[%emt 0:00:00]} 27. Nxe4 {[%emt 0:00:00]} Nxe4 {[%emt 0:06:42]} 28. Nc2 {[%emt 0:02:21]} Nf6 {[%emt 0:00:59]} 29. Nb4 {[%emt 0:02:33]} Re5 {[%emt 0:00:28]} 30. c4 {[%emt 0:00:14]} Rg5 {[%emt 0:00:09]} 31. Nxd5 {[%emt 0:00:07]} Rxg6 {[%emt 0:03:41]} 32. Nf4 {[%emt 0:00:45]} Bf5 {[%emt 0:00:37]} 33. Nxg6+ {[%emt 0:00:00]} Bxg6 {[%emt 0:00:00]} 34. Kf2 {[%emt 0:00:00]} Ke7 {[%emt 0:00:21]} 35. Ke3 {[%emt 0:00:00]} Be4 {[%emt 0:00:50]} 36. Rd2 {[%emt 0:00:02]} Bc6 {[%emt 0:00:11]} 37. Kd4 {[%emt 0:00:04]} Ke6 {[%emt 0:01:12]} 38. b4 {[%emt 0:00:21]} Kf5 {[%emt 0:01:56]} 39. Rb2 {[%emt 0:00:27]} Kf4 {[%emt 0:04:42]} 40. b5 {[%emt 0:00:00]} axb5 {[%emt 0:00:00]} 41. cxb5 {[%emt 0:14:57]} Be8 {[%emt 0:21:40]} 42. Rb3 {[%emt 0:05:17]} h5 {[%emt 0:05:56]} 43. a4 {[%emt 0:01:49]} h4 {[%emt 0:01:56]} 44. Rf3+ {[%emt 0:06:30]} Kg5 {[%emt 0:00:02]} 45. Kc5 {[%emt 0:02:19]} Nd7+ {[%emt 0:02:15]} 46. Kb4 {[%emt 0:00:58]} Ne5 {[%emt 0:01:03]} 47. Rc3 {[%emt 0:01:11]} Bg6 {[%emt 0:00:56]} 48. Rc7 {[%emt 0:00:52]} Be4 {[%emt 0:00:05]} 49. Rxg7+ {[%emt 0:00:12]} Ng6 {[%emt 0:00:07]} 50. Kc5 {[%emt 0:00:54]} Bxg2 {[%emt 0:00:43]} 51. Kb6 {[%emt 0:00:03]} Bxh3 {[%emt 0:00:41]} 52. Rxb7 {[%emt 0:00:22]} Bg4 {[%emt 0:01:16]} 53. Rc7 {[%emt 0:01:13]} Nf4 {[%emt 0:01:07]} 54. Ka7 {[%emt 0:00:44]} h3 {[%emt 0:00:44]} 55. b6 {[%emt 0:00:26]} h2 {[%emt 0:00:33]} 56. Rc1 {[%emt 0:00:15]} Bf3 {[%emt 0:00:43]} 57. b7 {[%emt 0:00:47]} Bxb7 {[%emt 0:00:11]} 58. Kxb7 {[%emt 0:00:04]} Kg4 {[%emt 0:00:14]} 59. a5 {[%emt 0:00:51]} Nd3 {[%emt 0:00:19]} 60. Rb1 {[%emt 0:01:28]} Kf3 {[%emt 0:01:08]} 61. Kb6 {[%emt 0:00:15]} Nb4 {[%emt 0:00:30]} 62. Kb5 {[%emt 0:01:00]} Nd5 {[%emt 0:00:16]} 63. Kc5 {[%emt 0:00:23]} Nc7 {[%emt 0:00:27]} 64. Kc6 {[%emt 0:00:28]} Na6 {[%emt 0:00:16]} 65. Kb6 {[%emt 0:00:44]} Nb4 {[%emt 0:00:42]} 66. a6 {[%emt 0:00:18]} Nxa6 {[%emt 0:00:05]} 67. Kxa6 {[%emt 0:00:04]} 1/2-1/2

[Event "120th Taflfelag Reykjavik-A 2020"]
[Site "Reykjavik"]
[Date "2020.09.24"]
[Round "5.5"]
[White "Kjartansson, David"]
[Black "Stefansson, Vignir Vatnar"]
[Result "0-1"]
[WhiteElo "2338"]
[BlackElo "2301"]
[Annotator "ChessBase"]
[PlyCount "96"]
[EventDate "2020.09.13"]
[EventType "tourn"]
[EventCountry "ISL"]
[SourceTitle "playchess.com"]
[Source "ChessBase"]
[SourceQuality "1"]
[TimeControl "40/5400+15:1800+30"]

1. Nf3 {[%emt 0:02:27]} c5 {[%emt 0:00:00]} 2. e4 {[%emt 0:02:30]} Nc6 {[%emt 0:00:00]} 3. d4 {[%emt 0:07:39]} cxd4 {[%emt 0:00:00]} 4. Nxd4 {[%emt 0:00:00]} Nf6 {[%emt 0:00:00]} 5. Nc3 {[%emt 0:00:02]} e5 {[%emt 0:00:00]} 6. Nf5 {[%emt 0:06:33]} d5 {[%emt 0:00:20]} 7. Bg5 {[%emt 0:00:02]} d4 {[%emt 0:04:14]} 8. Bxf6 {[%emt 0:04:49]} gxf6 {[%emt 0:02:03]} 9. Nb1 {[%emt 0:06:13]} Bxf5 {[%emt 0:00:27]} 10. exf5 {[%emt 0:00:00]} Bb4+ {[%emt 0:10:26]} 11. Nd2 {[%emt 0:09:58]} Qd5 {[%emt 0:03:06]} 12. f3 {[%emt 0:01:28]} Rg8 {[%emt 0:03:25]} 13. Kf2 {[%emt 0:02:51]} d3 {[%emt 0:02:32]} 14. Bxd3 {[%emt 0:00:12]} Qd4+ {[%emt 0:00:05]} 15. Kf1 {[%emt 0:00:06]} Bxd2 {[%emt 0:00:34]} 16. Qxd2 {[%emt 0:00:12]} Qxb2 {[%emt 0:00:00]} 17. Rd1 {[%emt 0:05:46]} O-O-O {[%emt 0:00:00]} 18. g3 {[%emt 0:00:50]} Qxa2 {[%emt 0:06:30]} 19. Kg2 {[%emt 0:00:27]} Rd4 {[%emt 0:00:00]} 20. Qh6 {[%emt 0:03:09]} Rxd3 {[%emt 0:13:04]} 21. Rxd3 {[%emt 0:00:29]} Qxc2+ {[%emt 0:00:00]} 22. Qd2 {[%emt 0:04:50]} Qxd2+ {[%emt 0:00:13]} 23. Rxd2 {[%emt 0:00:00]} Nd4 {[%emt 0:00:00]} 24. Kf2 {[%emt 0:00:19]} Rd8 {[%emt 0:06:27]} 25. Rc1+ {[%emt 0:02:05]} Kb8 {[%emt 0:00:12]} 26. Re1 {[%emt 0:00:00]} Rd5 {[%emt 0:42:52]} 27. Re4 {[%emt 0:00:00]} b5 {[%emt 0:00:00]} 28. Rh4 {[%emt 0:00:45]} b4 {[%emt 0:00:00]} 29. Rxh7 {[%emt 0:00:00]} b3 {[%emt 0:00:00]} 30. Rxf7 {[%emt 0:02:08]} Rc5 {[%emt 0:00:00]} 31. Ke3 {[%emt 0:00:48]} Nc2+ {[%emt 0:00:00]} 32. Ke4 {[%emt 0:01:34]} b2 {[%emt 0:00:00]} 33. Rd8+ {[%emt 0:01:05]} Rc8 {[%emt 0:00:00]} 34. Rff8 {[%emt 0:00:00]} Rxd8 {[%emt 0:00:00]} 35. Rxd8+ {[%emt 0:00:00]} Kc7 {[%emt 0:00:00]} 36. Rd1 {[%emt 0:00:00]} Na3 {[%emt 0:00:00]} 37. h4 {[%emt 0:15:57]} b1=Q+ {[%emt 0:00:00]} 38. Rxb1 {[%emt 0:00:00]} Nxb1 {[%emt 0:00:00]} 39. h5 {[%emt 0:01:24]} Nd2+ {[%emt 0:00:00]} 40. Ke3 {[%emt 0:00:00]} Nc4+ {[%emt 0:00:00]} 41. Ke4 {[%emt 0:22:13]} Nd6+ {[%emt 0:00:00]} 42. Kd5 {[%emt 0:00:17]} Kd7 {[%emt 0:00:00]} 43. h6 {[%emt 0:00:21]} Nf7 {[%emt 0:00:00]} 44. h7 {[%emt 0:00:05]} Ke7 {[%emt 0:00:00]} 45. g4 {[%emt 0:00:05]} Kf8 {[%emt 0:00:00]} 46. Ke6 {[%emt 0:03:00]} Kg7 {[%emt 0:00:00]} 47. Ke7 {[%emt 0:00:05]} a5 {[%emt 0:00:00]} 48. g5 {[%emt 0:00:39]} Nxg5 {[%emt 0:00:00]} 0-1

[Event "120th Taflfelag Reykjavik-A 2020"]
[Site "Reykjavik"]
[Date "2020.09.25"]
[Round "6.1"]
[White "Gretarsson, Hjorvar Steinn"]
[Black "Stefansson, Vignir Vatnar"]
[Result "*"]
[WhiteElo "2579"]
[BlackElo "2301"]
[Annotator "TA"]
[PlyCount "34"]
[EventDate "2020.09.13"]
[EventType "tourn"]
[EventCountry "ISL"]
[SourceTitle "playchess.com"]
[Source "ChessBase"]
[SourceQuality "1"]

{[%evp 16,34,25,25,26,32,39,15,29,31,17,20,37,37,52,37,40,33,29,22,33]} 1. e4 e6 2. d4 d5 3. Nc3 dxe4 4. Nxe4 Nd7 5. g3 Ngf6 6. Nxf6+ Nxf6 7. Bg2 c5 8. Ne2 Be7 9. O-O Qb6 {[#] C10: French with 3 Nc3: Unusual Black 3rd moves and 3...dxe4.} 10. a4 $146 ({Predecessor:} 10. a3 a5 11. c4 O-O 12. dxc5 Bxc5 13. Nc3 Rd8 14. Qc2 Bd7 15. Bg5 Bc6 16. Bxc6 Qxc6 17. Rad1 Rd4 18. Rxd4 Bxd4 19. Nb5 Bc5 20. Bxf6 gxf6 21. Qc3 f5 22. b4 axb4 23. axb4 Be7 24. Qb3 {½-½ (24) Mittelberger,P (2257)-Mrsic,R (2072) Austria 2004}) 10... a5 11. b3 O-O 12. Ba3 Qc7 13. Qd3 Rb8 14. Nc3 Bd7 15. Qc4 Rbc8 16. Rfe1 Bc6 17. Bxc6 ({Don't go for} 17. Bxc5 $2 Bxg2 18. Kxg2 b6 $19) 17... Qxc6 {Accuracy: White = 100%, Black = 100%.} *